00439nam a2200181 a 4500001001300000003000900013005001700022008004100039020002200080082001300102100001600115245001700131260003200148300000900180500003500189650001700224700001600241nice12345678IN_TiNIC20260116014151.0080110s2002 dela grp 000 0 eng  a8171677258 c9500a909bBEL aBell, Clive aCivilisation aDelhi bRupa and Co. c2002 a216p aincludes index and biblioraphy aCivilization1 aBell, Clive